Statistics for 17 Times Table Game

Click here to take the quiz!

General Stats

  • This quiz has been taken 9,681 times
    (7,798 since last reset)
  • The average score is 15 of 17

Answer Stats

ProblemAnswer% Correct
17 x 117
94%
17 x 234
93%
17 x 351
92%
17 x 6102
90%
17 x 7119
90%
17 x 468
90%
17 x 585
90%
17 x 8136
89%
17 x 9153
89%
17 x 10170
89%
17 x 11187
87%
17 x 12204
86%
17 x 13221
85%
17 x 14238
84%
17 x 15255
84%
17 x 17289
84%
17 x 16272
83%

Score Distribution

Percentile by Number Answered

Percent of People with Each Score

Your Score History

You have not taken this quiz since the last reset